000 00678nam a2200229 i 4500
001 C2-0079488
003 PPAK
005 20180727083602.0
008 970429s1953 io |||| ||||| | may d
040 _aPPAK
_beng
_cPPAK
_erda
082 0 4 _a930
_223
090 0 0 _a930
_bPAS
_dKIH
245 0 0 _aPasal-pasal ilmu bangsa-bangsa dan ilmu bumi sosial untuk sekolah menengah di Indonesia
264 1 _aDjakarta, Indonesia :
_bJ.B. Wolters ,
_c1953
300 _a187 pages ;
_c21 cm
336 _2rdacontent
_atext
337 _2rdamedia
_aunmediated
338 _2rdacarrier
_avolume
650 1 0 _aAnthropo - Geography - Study and teaching
700 _eauthor
942 _ddc
_cB
999 _c13589
_d13589